Statistics for Guess the Taylor Swift song with no hint 43

Click here to take the quiz!

General Stats

  • This quiz has been taken 565 times
  • The average score is 209 of 288

Answer Stats

Answer% Correct
I
100%
a
99%
Th
98%
the
97%
The
97%
me
96%
on
95%
in
94%
it
94%
and
93%
And
93%
my
93%
he
91%
He
91%
to
91%
we
91%
when
91%
do
89%
that
89%
That
89%
be
87%
So
87%
so
87%
all
85%
love
85%
of
84%
can
83%
I'm
83%
she
83%
for
82%
it's
82%
know
82%
don't
81%
at
80%
if
80%
one
79%
but
78%
But
78%
can't
78%
why
78%
her
77%
I'll
76%
Look
76%
see
75%
think
75%
He's
74%
he's
74%
just
74%
him
73%
with
73%
by
72%
cause
71%
Cause
71%
could
71%
have
71%
there
70%
as
69%
only
69%
his
68%
want
68%
about
67%
night
67%
thing
67%
got
66%
she's
63%
up
62%
never
61%
should
61%
get
60%
won't
60%
guitar
59%
wish
59%
bet
58%
everything
58%
looks
58%
some
58%
teardrops
58%
eyes
57%
reason
57%
star
57%
keep
56%
out
56%
says
56%
time
55%
car
54%
down
54%
even
54%
girl
54%
Drew
53%
right
53%
smile
53%
tell
53%
wishing
53%
heart
52%
knows
52%
fake
50%
give
50%
goes
50%
talks
50%
those
50%
keeps
49%
live
49%
need
49%
without
49%
beautiful
48%
funny
47%
song
47%
laugh
46%
wonder
46%
singing
45%
better
44%
into
44%
who's
44%
breathe?
43%
break
42%
kind
42%
lucky
42%
enough
41%
home
41%
sleep
41%
walks
41%
finally
40%
alone
39%
hold
39%
light
39%
put
39%
She'd
39%
tonight
38%
maybe
37%
perfectly
37%
there's
37%
turn
37%
drive
36%
fall
36%
flawless
36%
anyone
35%
picture
35%
tight
35%
needing
31%
taken
26%

Score Distribution

Percentile by Number Answered

Percent of People with Each Score

Your Score History

You have not taken this quiz